Napoleon's campaign in Poland, 1806-7 : (Record no. 552857)

000 -LEADER
fixed length control field 00897cam a2200169 i 4500
082 ## - DEWEY DECIMAL CLASSIFICATION NUMBER
Classification number 940.27
Author Mark PET
100 1# - MAIN ENTRY--PERSONAL NAME
Personal name Petre, F. Loraine
9 (RLIN) 50025
245 10 - TITLE STATEMENT
Title Napoleon's campaign in Poland, 1806-7 :
Remainder of title a military history of Napoleon's first war with Russia, verified from unpublished official documents /
Statement of responsibility, etc. by F. Loraine Petre ; with maps, plans and sixteen full page illustrations.
250 ## - EDITION STATEMENT
Edition statement [3d ed.]
260 ## - PUBLICATION, DISTRIBUTION, ETC.
Place of publication, distribution, etc. London :
Name of publisher, distributor, etc. J. Lane,
Date of publication, distribution, etc. 1907.
300 ## - PHYSICAL DESCRIPTION
Extent xxiii, 354 p., 16 leaves of plates :
Other physical details ill., fold. maps, fold. plans ;
Dimensions 23 cm.
500 ## - GENERAL NOTE
General note Includes index.
505 0# - FORMATTED CONTENTS NOTE
Formatted contents note pt. 1. The situation and the contending armies.-- pt. II. The first campaign--Pultusk and Golymin.--pt. III. The campaign of Eylau.--pt. IV. Winter quartes, and Danzing.--pt. V. The final triumph--Heilsberg, Friedland, Tilsit.
526 ## - STUDY PROGRAM INFORMATION NOTE
Program name 0
Interest level 0
Reading level 0
Title point value 940_270000000000000_PET
650 ## - SUBJECT ADDED ENTRY--TOPICAL TERM
Topical term or geographic name entry element MCE
9 (RLIN) 379
942 ## - ADDED ENTRY ELEMENTS (KOHA)
Source of classification or shelving scheme
Koha item type Book
Holdings
Withdrawn status Lost status Source of classification or shelving scheme Damaged status Not for loan Permanent Location Current Location Shelving location Date acquired Total Checkouts Full call number Barcode Date last seen Price effective from Koha item type
          Military College of Engineering (MCE) Military College of Engineering (MCE)   01/23/2015   940.27 PET MCE-ECN/31 01/23/2015 01/23/2015 Book
© 2023 Central Library, National University of Sciences and Technology. All Rights Reserved.